Largest European Cities by Letter - P - Statistics

General Stats
  • This quiz has been taken 163 times
    119 since last reset
  • The average score is 15 of 27
Answer Stats
Rank Population Country Hint City % Correct
1 2'152'000 France Eiffel Tower Paris
100%
2 1'193'000 Czech Republic Charles Bridge Prague
99%
4 689'000 Italy Cosa Nostra Palermo
93%
11 273'000 Portugal Port Wine Porto
92%
9 301'000 Spain Mallorca Palma de Mallorca
82%
23 163'000 Montenegro Capital Podgorica
82%
12 256'000 United Kingdom Pilgrim Fathers Plymouth
78%
24 163'000 Spain Running of the Bulls Pamplona
73%
22 167'000 Italy Prosciutto Parma
73%
3 1'014'000 Russia Easternmost Megacity in Europe Perm
67%
7 342'000 Bulgaria Remains from Antiquity Plovdiv
67%
5 578'000 Poland Saint Martin's Croissants Poznan
66%
14 213'000 Italy Galileo Galilei Padua
65%
17 190'000 United Kingdom Isle of Wight Portsmouth
64%
21 168'000 Czech Republic Beer Plzen
58%
26 153'000 Greece On Peloponnese Patras
49%
19 182'000 Greece Suburb of Athens Piraeus
36%
27 152'000 Italy Lago Trasimeno Perugia
28%
15 202'000 Russia On the Estonian Border Pskov
28%
25 158'000 Hungary "The Borderless City" Pécs
26%
8 313'000 Ukraine Battle between Russia and Sweden Poltava
26%
20 168'000 Italy Biscotti Prato
26%
6 528'000 Russia Sura River Penza
24%
13 251'000 Romania Prahova Valley Ploiesti
22%
10 282'000 Russia Lake Onega Petrozavodsk
18%
18 187'000 Romania Dacia Pitesti
16%
16 194'000 Russia Moscow Suburb Podolsk
12%
No matching quizzes found
Score Distribution
Percent of People with Each Score
Percentile by Number Answered
Your Score History
You have not taken this quiz since the last reset